| 000 | 00525nam a22001817a 4500 | ||
|---|---|---|---|
| 999 |
_c15301 _d15301 |
||
| 020 | _a9788176222907 | ||
| 082 |
_a631.5846 _bSUN/AG |
||
| 100 |
_aSUNIL KUMAR _9523 |
||
| 245 | _aAgricultural sustainability and approaches | ||
| 260 |
_aDelhi _bBiotech books _c2013 |
||
| 300 | _a439 | ||
| 500 | _aAgricultural sustainability and approaches | ||
| 520 | _aAgricultural sustainability and approaches | ||
| 700 |
_aPrasad, Birendra _92945 |
||
| 700 |
_aPushpanjali _92946 |
||
| 700 |
_aBahuguna, Abhishek _92947 |
||
| 942 | _cBK | ||